ESPN Top 25 Sports Movies Quiz Stats

 Plays Quiz Updated Sep 14, 2018

Score 0/25 Timer 07:00
0 Plays Today
# Movie % Correct
1Hoosiers
66.8%
10Remember the Titans
61.7%
3Field of Dreams
59.2%
24Rudy
52.1%
4Bull Durham
47.9%
14Major League
38.7%
6The Natural
38.2%
20The Rookie
36.4%
2Raging Bull
32.9%
11A League of Their Own
28.4%
5Caddyshack
26.7%
15Tin Cup
24.3%
21Ali
19%
# Movie % Correct
7Chariots of Fire
15.6%
12Eight Men Out
15.1%
1661*
12.9%
13White Men Can't Jump
12.5%
8Jerry Maguire
12.2%
9Seabiscuit
9.6%
22Bend it Like Beckham
8.4%
17The Hurricane
5.7%
18The Color of Money
4.3%
23Cobb
4.1%
19Finding Forrester
2.7%
25Searching for Bobby Fischer
2.2%

You're not logged in!

Compare scores with friends on all Sporcle quizzes.
OR
Log In

Sporcle TV

Today on Sporcle TV


Watch our educational content, quiz creation guides, and fun videos on Sporcle TV.

Show Comments

Extras

Top Quizzes Today


Score Distribution

Your Account Isn't Verified!

In order to create a playlist on Sporcle, you need to verify the email address you used during registration. Go to your Sporcle Settings to finish the process.

Report this User

Report this user for behavior that violates our Community Guidelines.

Details: